000 00411nam a22001217a 4500
999 _c529945
_d529945
008 250515b ||||| |||| 00| 0 eng d
100 _aPradhani, Damodar
_953137
245 _aSome must-read books on climate change and sustainable development
260 _aJournal of IIPA Regional Branch, Odisha
300 _a31, 2024-25: p.222-231
773 _aJournal of IIPA Regional Branch, Odisha
942 _cAR